00719nam a2200253Ia 4500001000600000003000500006008004100011010001100052040000900063082001500072100002800087245007000115260004400185300002100229503000800250650004700258901001500305902000600320910000900326942000600335942000700341999001900348952009800367Z_848CHAP220113s1990 xx 000 0 und d a163942 cCHAP a636.508 A8 aAustic, Richard E98348 aPoultry production /cby Richard E. Austic and Malden C. Nesheim aPhiladelphia :bLea and Febiger,c1990 a325 p. : bilus. aC/E aAves de corralxProducción I. t.9137990 a636.508 A8 aM a1990 c1 cc1 c163942d163942 00102ddc40708GRALaZbZc1d2005-11-09pz_0780r2022-01-18 00:00:00t1w2022-01-18yLIBRO